Ramakrishna Mission and community service in Eastern India (1922-1962) : (Record no. 1848238)

MARC details
000 -LEADER
fixed length control field 00898cam a2200289 a 4500
001 - CONTROL NUMBER
control field 14189182
003 - CONTROL NUMBER IDENTIFIER
control field OSt
005 - DATE AND TIME OF LATEST TRANSACTION
control field 20260410151349.0
008 - FIXED-LENGTH DATA ELEMENTS--GENERAL INFORMATION
fixed length control field 051204s2005 ii b 001 0 eng
010 ## - LIBRARY OF CONGRESS CONTROL NUMBER
LC control number 2005388670
020 ## - INTERNATIONAL STANDARD BOOK NUMBER
International Standard Book Number 8187891424
Qualifying information jacket
020 ## - INTERNATIONAL STANDARD BOOK NUMBER
International Standard Book Number 9788187891420
Qualifying information (jacket)
025 ## - OVERSEAS ACQUISITION NUMBER
Overseas acquisition number I-E-2005-388670; 07; 88-90
035 ## - SYSTEM CONTROL NUMBER
System control number 14189182
037 ## - SOURCE OF ACQUISITION
Source of stock number/acquisition Library of Congress -- New Delhi Overseas Office
Terms of availability Rs675.00 ($30.00 U.S.)
040 ## - CATALOGING SOURCE
Original cataloging agency DLC
Transcribing agency DLC
Modifying agency DLC
042 ## - AUTHENTICATION CODE
Authentication code lcode
043 ## - GEOGRAPHIC AREA CODE
Geographic area code a-ii---
050 00 - LIBRARY OF CONGRESS CALL NUMBER
Classification number BL1280.2
Item number .S46 2005
082 ## - DEWEY DECIMAL CLASSIFICATION NUMBER
Classification number 294.56 P5
100 1# - MAIN ENTRY--PERSONAL NAME
Personal name Sen, Anindya,
9 (RLIN) 1234687
245 10 - TITLE STATEMENT
Title Ramakrishna Mission and community service in Eastern India (1922-1962) :
Remainder of title a qualitative and quantitative analysis /
Statement of responsibility, etc. Anindya Sen.
260 ## - PUBLICATION, DISTRIBUTION, ETC.
Place of publication, distribution, etc. Kolkota :
Name of publisher, distributor, etc. Readers Service,
Date of publication, distribution, etc. 2005.
300 ## - PHYSICAL DESCRIPTION
Extent xxv, 400 p.
942 ## - ADDED ENTRY ELEMENTS (KOHA)
Source of classification or shelving scheme Colon Classification (CC)
Koha item type Textual
Suppress in OPAC No
Holdings
Withdrawn status Lost status Source of classification or shelving scheme Damaged status Not for loan Home library Current library Date acquired Total Checkouts Date last seen Price effective from Koha item type
    Colon Classification (CC)     Department of History Library Department of History Library 2026-04-10   2026-04-10 2026-04-10 Textual
Copyright @ Delhi University Library System